logo

Bir Sreshtho Munshi Abdur Rouf Library
Jhenaidah Cadet College

Trade, finance and development in Pakistan / (Record no. 5254)

MARC details
000 -LEADER
fixed length control field 00906nam a22002892a 4500
001 - CONTROL NUMBER
JCCL Control Number 5254
003 - CONTROL NUMBER IDENTIFIER
JCCL marc code BD-JhCC
005 - DATE AND TIME OF LATEST TRANSACTION
control field 20171211173723.0
008 - FIXED-LENGTH DATA ELEMENTS--GENERAL INFORMATION
fixed length control field 171211s1966 pk a b 001 0 eng d
035 ## - SYSTEM CONTROL NUMBER
system control number (BD-JhCC)5254
040 ## - CATALOGING SOURCE
Original cataloging agency DLC
Transcribing agency CSL
Modifying agency SER
-- UKM
-- EQO
-- BD-JhCC
041 ## - LANGUAGE CODE
Language code of Book eng
050 #0 - LIBRARY OF CONGRESS CALL NUMBER
Classification number HC440.5
Item number .A785 1966a
082 ## - DEWEY DECIMAL CLASSIFICATION NUMBER
Classification number 330.9549
Author mark and Year AND 1966
100 1# - MAIN ENTRY--PERSONAL NAME
Personal name Andrus, James Russell,
Dates associated with a name 1902-
245 10 - TITLE STATEMENT
Title Trade, finance and development in Pakistan /
Statement of responsibility, etc J. Russell Andrus, Azizali F. Mohammed
260 ## - PUBLICATION, DISTRIBUTION, ETC. (IMPRINT)
Place of publication, distribution, etc Karachi ;
-- London :
Name of publisher, distributor, etc Oxford University Press,
Date of publication, distribution, etc 1966.
300 ## - PHYSICAL DESCRIPTION
Pagination xii, 289 p. :
Other physical details tables ;
Dimensions 23 cm
500 ## - GENERAL NOTE
General note Diagrams on endpapers
500 ## - GENERAL NOTE
General note Includes index
504 ## - BIBLIOGRAPHY, ETC. NOTE
Bibliography, etc Bibliography: p. 281-283
650 #0 - SUBJECT ADDED ENTRY--TOPICAL TERM
Topical term or geographic name as entry element Finance, Public
Geographic subdivision Pakistan
651 #0 - SUBJECT ADDED ENTRY--GEOGRAPHIC NAME
Geographic name Pakistan
General subdivision Economic conditions
700 1# - ADDED ENTRY--PERSONAL NAME
Personal name Mohammed, Azizali F.
Fuller form of name (Azizali Farrukh)
942 ## - ADDED ENTRY ELEMENTS (KOHA)
Source of classification or shelving scheme Dewey Decimal Classification
Koha item type Books
Holdings
Source of classification or shelving scheme Damaged status Not for loan Home library Current library Shelving location Date of accession Cost, normal purchase price Total Checkouts Full call number Barcode Date last seen Copy number Koha item type
Dewey Decimal Classification     JCC Rouf Library JCC Rouf Library General Stacks 12/11/2017 16.00   330.9549 AND 1966 7187 12/11/2017 C-1 Books

JCC Library | Contacts | JCC Home

Last Update on 23 September 2017
Copyright @ 2017-2020 JCC Rouf Library
Rouf Library, Jhenidah Cadet College (JCC), Bangladesh